000 00621nas a2200229 4500
001 BR7601009
003 BR-BrBNA
005 20231205082918.0
007 ta
008 230509b bl.|||p| |||| 00| 00por d
040 _aBR-BrBNA
_bpor
_cBiblioteca Nacional de Agricultura
041 _a(Pt)
072 _aH00
100 1 _aGiannotti, O.
245 1 _aPiretroides como inseticidas
650 _aINSETICIDA
650 _aTOXIDEZ
650 _aPIRETRO
773 0 _tBiologico (Brazil)
_xISSN 0045-2041
_g(Oct 1975), v. 41(10) p. 279-282
_wBR7601009
909 _a202311
_bLúcia
_c55
_dLúcia Elande
942 _2AGRIS
_n0
_cANA
999 _c95056
_d95056